00811nam a2200277 a 4500001001900000003000400019005001700023008004100040015001600081017004600097020001500143035002500158035001000183035002100193040002300214043003000237080002300267100002000290245004500310260003300355300002000388490001400408650004600422651005100468830001400519991001370989706706OSt20220217112750.0910620s1988 spc|||||| 000 ||cat  aLL19912bnc aDL B. 18887-1988bBiblioteca de Catalunya a8486421373 a(ES-BaCBU).b10305233 a40282 a(OCoLC)801886254 aES-BaBCbcatcCDMR ae-sp---be-spc--2catmarc a32(460)"1976/1988"1 aConte, Jesús,13aEl Canvi del llenguatge /cJesús Conte aBarcelona :bTibidabo,c1988 a192 p. ;c19 cm1 aCal saber 0aAnàlisi del discurszEspanyay1975-1988 7aEspanyaxPolítica i governy1975-19882lemac 0aCal saber